Գրական դիրքերում : (Record no. 155648)
[ view plain ]
| 000 -LEADER | |
|---|---|
| fixed length control field | 02155nas a2200337 a 4500 |
| 001 - CONTROL NUMBER | |
| control field | 000409217 |
| 003 - CONTROL NUMBER IDENTIFIER | |
| control field | AM-YeHGA |
| 005 - DATE AND TIME OF LATEST TRANSACTION | |
| control field | 20260204140548.0 |
| 008 - FIXED-LENGTH DATA ELEMENTS--GENERAL INFORMATION | |
| fixed length control field | 050211d19271932ai |||pdr| || ||arm|d |
| 040 ## - CATALOGING SOURCE | |
| Original cataloging agency | AM-YeHGA |
| 041 0# - LANGUAGE CODE | |
| Language code of text/sound track or separate title | arm |
| 245 00 - TITLE STATEMENT | |
| Title | Գրական դիրքերում : |
| Remainder of title | Տեսական-քննադատական, գրական-գեղարվեստական պատկերազարդ հանրամատչելի ամսագիր / |
| Statement of responsibility, etc. | Խմբ.` Ն. Դաբաղյան ; Որգան Խորհրդային Հայաստանի Պրոլետարական գրողների միության. |
| 246 3# - VARYING FORM OF TITLE | |
| Title proper/short title | Гракан диркерум ; |
| Remainder of title | На литературном посту |
| 260 ## - PUBLICATION, DISTRIBUTION, ETC. | |
| Place of publication, distribution, etc. | Յերևան : |
| Name of publisher, distributor, etc. | տպ. Պոլիգրաֆի, |
| Date of publication, distribution, etc. | 1927-1932. |
| 300 ## - PHYSICAL DESCRIPTION | |
| Extent | 64 էջ : |
| Other physical details | նկ. ; |
| Dimensions | 25 x 17 սմ. |
| 310 ## - CURRENT PUBLICATION FREQUENCY | |
| Current publication frequency | Ամսագիր |
| 362 0# - DATES OF PUBLICATION AND/OR SEQUENTIAL DESIGNATION | |
| Dates of publication and/or sequential designation | 1927-1932 |
| 500 ## - GENERAL NOTE | |
| General note | Հանդեսը հրատարակել է երիտասարդ գրողների և քննադատների գործերը, անդրադարձել է ժամանակի գրական պայքարին ու գեղարվեստական ըմբռնումներին, տպագրել ընկերական շարժեր և ծաղրանկարներ, նմուշներ սովետական գրողների ստեղծագործություններից: |
| 500 ## - GENERAL NOTE | |
| General note | Խմբագիրներ՝ Վ. Ալազան ; Ն. Զարյան ; Գ. Վանանդեցի ; Ա. Վարդանյան ; Հ. Գյուլիքևխվյան |
| 546 ## - LANGUAGE NOTE | |
| Language note | Բնագիրը՝ հայերեն |
| 650 04 - SUBJECT ADDED ENTRY--TOPICAL TERM | |
| Topical term or geographic name entry element | Ամսագիր |
| 650 14 - SUBJECT ADDED ENTRY--TOPICAL TERM | |
| Topical term or geographic name entry element | Գրականագիտություն |
| Form subdivision | Պարբերականներ |
| Chronological subdivision | XXդ. |
| 650 14 - SUBJECT ADDED ENTRY--TOPICAL TERM | |
| Topical term or geographic name entry element | Գրական մամուլ |
| Form subdivision | Պարբերականներ |
| Chronological subdivision | XXդ. |
| 650 14 - SUBJECT ADDED ENTRY--TOPICAL TERM | |
| Topical term or geographic name entry element | Արվեստ, մշակույթ |
| Form subdivision | Պարբերականներ |
| Chronological subdivision | XXդ. |
| 651 #4 - SUBJECT ADDED ENTRY--GEOGRAPHIC NAME | |
| Geographic name | Երևան |
| 9 (RLIN) | 6142 |
| 651 #4 - SUBJECT ADDED ENTRY--GEOGRAPHIC NAME | |
| Geographic name | Հայաստան |
| 700 1# - ADDED ENTRY--PERSONAL NAME | |
| Personal name | Դաբաղյան, Նորայր Հարությունի, |
| Dates associated with a name | 1904-1955 |
| Relator term | խմբ. |
| 9 (RLIN) | 856 |
| 710 2# - ADDED ENTRY--CORPORATE NAME | |
| Corporate name or jurisdiction name as entry element | Խորհրդային Հայաստանի Պրոլետարական գրողների միություն |
| 856 41 - ELECTRONIC LOCATION AND ACCESS | |
| Uniform Resource Identifier | <a href="https://tert.nla.am/mamul/grakan_dirqerum/Table.html">https://tert.nla.am/mamul/grakan_dirqerum/Table.html</a> |
| Link text | Կարդալ առցանց |
| 942 ## - ADDED ENTRY ELEMENTS (KOHA) | |
| Source of classification or shelving scheme | Universal Decimal Classification |
| Koha item type | Շարունակական պաշար / Continuing Resource |
| Withdrawn status | Lost status | Source of classification or shelving scheme | Damaged status | Not for loan | Collection | Home library | Current library | Date acquired | Serial enumeration / chronology | Total checkouts | Full call number | Barcode | Date last seen | Price effective from | Koha item type | Public note |
|---|---|---|---|---|---|---|---|---|---|---|---|---|---|---|---|---|
| Universal Decimal Classification | Agulian Individual Collection | Fundamental Scientific Library | Fundamental Scientific Library | 28/12/2016 | 1930, № 6 | Ագուլ/1072 | FL0080543 | 28/12/2016 | 28/12/2016 | Շարունակական պաշար / Continuing Resource | ILL Non-Circ. | |||||
| Universal Decimal Classification | General | Fundamental Scientific Library | Fundamental Scientific Library | 28/12/2016 | 1928, 2-րդ տարի, № 1-12 | АЖ 115 | FL0703994 | 28/12/2016 | 28/12/2016 | Շարունակական պաշար / Continuing Resource | 30 Days Loan | |||||
| Universal Decimal Classification | General | Fundamental Scientific Library | Fundamental Scientific Library | 28/12/2016 | 1929, 3-րդ տարի, № 1-12 | АЖ 115 | FL0703993 | 28/12/2016 | 28/12/2016 | Շարունակական պաշար / Continuing Resource | 30 Days Loan | |||||
| Universal Decimal Classification | General | Fundamental Scientific Library | Fundamental Scientific Library | 28/12/2016 | 1930, 4-րդ տարի, № 1-6 | АЖ 115 | FL0703992 | 28/12/2016 | 28/12/2016 | Շարունակական պաշար / Continuing Resource | 30 Days Loan | |||||
| Universal Decimal Classification | General | Fundamental Scientific Library | Fundamental Scientific Library | 28/12/2016 | 1930, 4-րդ տարի, № 7-12 | АЖ 115 | FL0703991 | 28/12/2016 | 28/12/2016 | Շարունակական պաշար / Continuing Resource | 30 Days Loan | |||||
| Universal Decimal Classification | General | Fundamental Scientific Library | Fundamental Scientific Library | 28/12/2016 | 1931, 5-րդ տարի, № 1-4, 6-12 | АЖ 115 | FL0702084 | 28/12/2016 | 28/12/2016 | Շարունակական պաշար / Continuing Resource | 30 Days Loan | |||||
| Universal Decimal Classification | General | Fundamental Scientific Library | Fundamental Scientific Library | 28/12/2016 | 1932, 6-րդ տարի, № 1-2, 7-րդ տարի, № 3 | АЖ 115 | FL0702083 | 28/12/2016 | 28/12/2016 | Շարունակական պաշար / Continuing Resource | 30 Days Loan | |||||
| Universal Decimal Classification | General | Fundamental Scientific Library | Fundamental Scientific Library | 05/02/2026 | 1927, № 1-5 | АЖ 115 | FL0703995 | 05/02/2026 | 05/02/2026 | Շարունակական պաշար / Continuing Resource | 30 Days Loan |
ՀՀ Գիտությունների ազգային ակադեմիայի հիմնարար գիտական գրադարան = Fundamental Scientific Library of NAS RA
All site content, except where otherwise noted, is licensed under a